00807nam a2200205 a 450000100100000000500170001000800410002704000250006810000290009324500850012224600370020725000110024426000450025530000370030050000320033750000630036970000410043295201110047399900170058400004011620201002033928.0130808s1988 pr ac 000 0 spa d aDO-SdBNPbspacBNPHU1 aCórdova, Lieban96637910a7 años con Muñoz Marín /cLieban Córdova ; prólogo Armando A. Miranda.13aSiete años con Muñoz Marín a7a ed. aArecibo, Puerto Rico :bCorripio,c1988. a291 p. :bils., retrs. ;c24 cm. aIncluye índice de nombres aIncluye datos biográficos del autor en la contracubierta1 aMiranda, Armando A.,epról.966380 001054708MOaGRbGRcCTd2013-08-08iLF1l0o p40116-10r2020-06-25w2020-06-25y4ZPréstamo en sala c39606d39606